000
00249nam a22000857a 4500
999
_c
11522
_d
11522
008
190531b ||||| |||| 00| 0 eng d
100
_a
Arora
_9
7234
245
_a
Question Bank in Computer Science with C++-XII
260
_a
New Delhi
_b
Dhanpat Rai & Co
_c
2012